00630 a2200217 4500260001000000630009900010037001100109650002800120100002500148700002000173260001400193245004000207300000900247650001400256260001600270300001000286100000700296440007900303037001200382020001800394 aParis a65 - Gestion et organisation de lindustrie, du commerce, de la communication et des transports b1, MES a6 - SCIENCES APPLIQUEES aDubois, Pierre-Louis aJolibert, Alain bEconomica aLe Marketing Fondements et Pratique a714p aMarketing c3ème éd b24 cm lFr aCollection Gestion. Série : Politique générale, Finance et Marketing aDE 8731 a2-7178-3657-8